| 000 | 01745cam a2200397 a 4500 | ||
|---|---|---|---|
| 001 | 13592053 | ||
| 003 | ARRUPE | ||
| 005 | 20141201145705.0 | ||
| 008 | 040513s2002 miuagh b 011 0 eng d | ||
| 010 | _a 2004299499 | ||
| 020 | _a0879075937 | ||
| 035 | _a(OCoLC)ocm49744667 | ||
| 040 |
_aXII _cXII _dIXA _dTXA _dDLC |
||
| 041 | 1 |
_aengfrelat _hund |
|
| 042 | _alccopycat | ||
| 050 | 0 | 0 |
_aBX3402.3 _b.P73 2002 |
| 082 | 0 | 0 |
_a271/.12 _222 |
| 100 |
_aWaddell, Chrysogonus. _912918 |
||
| 245 | 0 | 0 |
_aPraise no less than charity : _bstudies in honor of M. Chrysogonus Waddell, monk of Gethsemani Abbey : contributions from colleagues, confrères, and friends on the occasion of the fiftieth anniversary of his monastic profession / _cedited by E. Rozanne Elder. |
| 260 |
_aKalamazoo, Mich. : _bCistercian Publications, _cc2002. |
||
| 300 |
_a370 p. : _bill., music, facsim. ; _c23 cm. |
||
| 440 | 0 |
_aCistercian studies series ; _vno. 193 _912919 |
|
| 504 | _aIncludes bibliographical references. | ||
| 546 | _aContributions in English and French; one contribution is a translation; includes quotations in Latin. | ||
| 600 | 1 | 0 |
_aWaddell, Chrysogonus. _912920 |
| 610 | 2 | 0 |
_aCistercians _xHistory. _912921 |
| 610 | 2 | 0 |
_aCistercians _xLiturgy _xHistory. _912922 |
| 610 | 2 | 0 |
_aCistercians _xTheology _xHistory. _912923 |
| 610 | 2 | 0 |
_aCatholic Church _xLiturgy _xHistory. _912924 |
| 650 | 0 |
_aMonasticism and religious orders _xHistory. _95996 |
|
| 700 | 1 |
_aWaddell, Chrysogonus. _912925 |
|
| 700 | 1 |
_aElder, E. Rozanne _q(Ellen Rozanne), _d1940- _912926 |
|
| 906 |
_a7 _bcbc _ccopycat _d2 _encip _f20 _gy-gencatlg |
||
| 942 |
_2lcc _cMONOGRAPH |
||
| 999 |
_c121347 _d121347 |
||